| 000 | 01137nam a22003497a 4500 | ||
|---|---|---|---|
| 003 | CHAP | ||
| 005 | 20220329134938.0 | ||
| 008 | 971013s1970 r 00010 d | ||
| 010 | _a28495 | ||
| 011 | _a29467 | ||
| 035 | _a33578 | ||
| 040 | _cCHAP | ||
| 082 |
_a631.4 _bK5 1970 |
||
| 100 | 0 | 0 |
_aKnuti, Leo L. _963568 |
| 245 | _aProfitable soil management | ||
| 250 | _a2 ed. | ||
| 260 |
_aEnglewood Cliffs, N. J. : _bPrentice-Hall, _c1970 |
||
| 300 |
_a376 p. _b: ilus. |
||
| 590 |
_aBATCH-UPD _b10 _c20130110 _lUCH01 _h1514 |
||
| 590 |
_aBATCH-UPD _b10 _c20130410 _lUCH01 _h0929 |
||
| 590 |
_aBATCH-UPD _b10 _c20130914 _lUCH01 _h2034 |
||
| 590 |
_aCONVERSION _b10 _c20130109 _lUCH01 _h1316 |
||
| 650 | 1 | 4 |
_aSuelos. _9110191 |
| 650 | 1 | 4 |
_aSuelos _xConservación. _9110283 |
| 700 | 0 |
_aHide, J. C. _955218 |
|
| 700 | 0 |
_aKorpi, Milton. _963752 |
|
| 901 | _aBK | ||
| 942 | _cLIBRO | ||
| 949 |
_a631.4 K5 1970 _bBC _cLIBRO _d33724000061156 _eLIBRO _fc.2 _h39634 _i33578 _si |
||
| 949 |
_a631.4 K5 1970 _bBC _cLIBRO _d33724000061164 _eLIBRO _h14979 _i33578 _si |
||
| 949 |
_a631.4 K5 1970 _bBC _cLIBRO _d33724002124446 _eLIBRO _fc.3 _gI.c/e _h111111 _i33578 _sb |
||
| 999 |
_c28495 _d28495 |
||